Entry Nombre personal
001 - NÚMERO DE CONTROL
- campo de control: 8272
003 - IDENTIFICADOR DEL NÚMERO DE CONTROL
- campo de control: OSt
005 - FECHA Y HORA DE LA ÚLTIMA TRANSACCIÓN
- campo de control: 20220215094029.0
008 - DATOS DE LONGITUD FIJA
- campo de control de longitud fija: 200615|| aca||aabn | a|a d
040 ## - FUENTE DE LA CATALOGACIÓN
- Centro catalogador/agencia de origen: OSt
- Centro/agencia transcriptor: OSt
100 1# - ENCABEZAMIENTO-NOMBRE DE PERSONA
- Nombre de persona: Canahuate Disla, Francisco,
- Fechas asociadas al nombre: 1948-
370 ## - LUGAR ASOCIADO
- Lugar de nacimiento: Puerto Plata (República Dominicana : Provincia)
- País asociado: República Dominicana
372 ## - CAMPO DE ACTIVIDAD
- Campo de actividad: Administración y procedimiento tributario
- Campo de actividad: Impuestos
373 ## - GRUPO ASOCIADO
- Grupo asociado: Universidad Autónoma de Santo Domingo. Facultad de Ciencias Económicas y Sociales
374 ## - OCUPACIÓN
- Ocupación: Profesor universitario
375 ## - GÉNERO/SEXO
- Género/Sexo: Masculino
377 ## - LENGUA/LENGUAJE ASOCIADO
- Código del idioma: spa
400 1# - TRAZADO DE VÉASE--NOMBRE DE PERSONA
- Nombre de persona: Canahuate, Francisco,
- Fechas asociadas al nombre: 1948-
400 1# - TRAZADO DE VÉASE--NOMBRE DE PERSONA
- Nombre de persona: Disla, Francisco Canahuate,
- Fechas asociadas al nombre: 1948-
670 ## - FUENTE DE DATOS ENCONTRADOS
- Cita de la fuente: Work cat.: (OSt)2459: Canahuate Disla, Francisco, 1948-, Orientación tributaria /, 1987.
670 ## - FUENTE DE DATOS ENCONTRADOS
- Cita de la fuente: La política fiscal, monetaria y cambiaria de la República Dominicana, 1960-1983, 1984
670 ## - FUENTE DE DATOS ENCONTRADOS
- Cita de la fuente: Legislación tributaria dominicana, 2019
